Loading...
| Literature - European | 0 | 8 | 1 | 0 | 75 | 49 | 91.50 | 2 | 8 | 0.00 | 0.00 |
| Fine Arts - Classical Music | 0 | 6 | 0 | 4 | 60 | 95 | 116.83 | 0 | 3 | 0.00 | 0.00 |
| Literature - British | 0 | 6 | 1 | 1 | 55 | 38 | 106.00 | 1 | 5 | 0.00 | 0.00 |
| Literature - World | 0 | 5 | 0 | 0 | 50 | 72 | 83.80 | 2 | 5 | 0.00 | 0.00 |
| Science - Biology | 0 | 5 | 1 | 3 | 45 | 101 | 113.60 | 1 | 2 | 0.00 | 0.00 |
| Fine Arts - Painting and Sculpture | 0 | 4 | 0 | 0 | 40 | 83 | 108.25 | 0 | 3 | 0.00 | 0.00 |
| Literature - American | 0 | 4 | 1 | 0 | 35 | 83 | 110.50 | 0 | 4 | 0.00 | 0.00 |
| Philosophy | 0 | 3 | 1 | 0 | 25 | 72 | 87.67 | 1 | 3 | 0.00 | 0.00 |
| Mythology | 0 | 2 | 0 | 0 | 20 | 96 | 100.00 | 0 | 2 | 0.00 | 0.00 |
| Fine Arts - Other | 0 | 2 | 0 | 1 | 20 | 99 | 105.50 | 0 | 1 | 0.00 | 0.00 |
| History - Other | 0 | 2 | 1 | 0 | 15 | 103 | 112.50 | 0 | 2 | 0.00 | 0.00 |
| Religion | 0 | 1 | 0 | 0 | 10 | 96 | 96.00 | 0 | 0 | 0.00 | 0.00 |
| Science - Physics | 0 | 3 | 4 | 1 | 10 | 86 | 100.00 | 0 | 3 | 0.00 | 0.00 |
| Science - Chemistry | 0 | 3 | 4 | 0 | 10 | 45 | 71.67 | 2 | 3 | 0.00 | 0.00 |
| History - World | 0 | 1 | 0 | 0 | 10 | 127 | 127.00 | 0 | 0 | 0.00 | 0.00 |
| History - European | 0 | 1 | 1 | 0 | 5 | 99 | 99.00 | 0 | 1 | 0.00 | 0.00 |
| Science - Other | 0 | 1 | 1 | 0 | 5 | 95 | 95.00 | 0 | 1 | 0.00 | 0.00 |
| Social Science | 0 | 0 | 1 | 0 | -5 | 0.00 | 0 | 0 | 0.00 | 0.00 | |
| History - American | 0 | 0 | 1 | 0 | -5 | 0.00 | 0 | 0 | 0.00 | 0.00 | |
| Popular Culture | 0 | 0 | 2 | 0 | -10 | 0.00 | 0 | 0 | 0.00 | 0.00 |